000 00426nam a2200145Ia 4500
008 220203s9999 xx 000 0 und d
100 _aP. M. Priyadarshan
245 0 _aClones of Hevea brasiliensis in Tripura: A Profile
260 _bRubber Research Institute of India
_aKottayam
650 _aCrop Improvement
700 _aM. K. Sudhasowmyalatha
700 _aS. K. Dey
700 _aY. Annamma Varghese
942 _cPN
999 _c45081
_d45081